Designs, graphs, codes and their links

保存先:
書誌詳細
第一著者: Cameron, Peter J (著者)
その他の著者: Lint, Jack van Lint, Jacobus Hendricus van (autor)
フォーマット: 図書
言語:英語
出版事項: Cambridge Cambridge University Press 1991
版:1a. ed
シリーズ:London Mathematical Society Student Texts, 22
主題:
タグ: タグ追加
タグなし, このレコードへの初めてのタグを付けませんか!

MARC

LEADER 00000cam a2200000 a 4500
001 UCF9097
003 CL-VaPUC
008 131025e19910000uk |||||||||||||||||eng|d
020 |a 0521423856 
082 0 4 |a 511.6  |b CAM  |2 21 
100 |a Cameron, Peter J  |e author  |9 430619 
700 |a Lint, Jack van   |e autor  |q Lint, Jacobus Hendricus van  |9 571310 
245 1 0 |a Designs, graphs, codes and their links 
250 |a 1a. ed 
300 |a 240 p 
942 |c BK 
945 |d 20131025 12:28:00  |a cmena 
260 |a Cambridge  |b Cambridge University Press  |c 1991 
650 0 |a Análisis combinatorio   |9 269849 
650 0 |a Teoría de grafos  |9 269886 
650 0 |a Lógica matemática   |9 262442 
583 |a last modification  |c 20131025 12:28:00  |k Rodrigo Vera 
490 0 |a London Mathematical Society Student Texts, 22 
999 |c 353582  |d 353580 
952 |0 0  |1 0  |3 erb  |4 0  |6 511_600000000000000_CAM_1991  |7 0  |8 A  |9 458916  |a BIBMAT  |b BIBMAT  |d 2019-11-23  |i 5024269  |o 511.6 CAM 1991  |p 5024269  |r 2025-01-07  |w 2019-11-23  |y BK  |z Catalogado en:20131025  |k MAT